| 000 | 01165nam a2200277Ia 4500 | ||
|---|---|---|---|
| 003 | OSt | ||
| 005 | 20200727161608.0 | ||
| 008 | 191128s2011 ck fr 000 0dspa d | ||
| 020 | _a9789586487252 | ||
| 040 |
_aCO-JMCR _cCO-JMCR |
||
| 041 | 0 | _aspa | |
| 082 | 0 | 4 |
_a339.46 / _bA283u _223 |
| 100 | 1 |
_aAguilar Zuluaga, Ignacio, _eautor _97897 |
|
| 245 | 1 | 0 |
_aUn análisis del desarrollo, la pobreza y la desigualdad / _cIgnacio Aguilar Zuluaga |
| 250 | _aPrimera edición | ||
| 260 |
_aBogotá : _bEcoe, _c2011 |
||
| 300 |
_axv, 140 páginas ; _c24 cm. |
||
| 490 | 0 | _aCiencias humanas. Sociología | |
| 500 | _aIncluye glosario y datos biográficos del autor en solapa frontal. | ||
| 504 | _aBibliografía: páginas 123-124 | ||
| 505 | 0 | _aTeorías sobre desarrollo económico -- La pobreza en América Latina -- La desigualdad en América Latina -- Educación y pobreza -- Crecimiento demográfico y la pobreza -- Democracia y pobreza -- Crecimiento, distribución del ingreso y la pobreza | |
| 650 | 1 | 4 |
_aDesarrollo económico _97898 |
| 651 | 4 |
_aAmérica Latina _xpobreza _97899 |
|
| 651 | 4 |
_aAmérica Latina _xdesigualdad social _97900 |
|
| 942 |
_2ddc _cBK |
||
| 999 |
_c6320 _d6320 |
||